Basic and clinical immunology / (Record no. 117600)
[ view plain ]
| 000 -LEADER | |
|---|---|
| fixed length control field | 00586nam a2200181Ia 4500 |
| 008 - FIXED-LENGTH DATA ELEMENTS--GENERAL INFORMATION | |
| fixed length control field | 140529s9999 xx 000 0 und d |
| 020 ## - INTERNATIONAL STANDARD BOOK NUMBER | |
| International Standard Book Number | 9780443100826 |
| 050 ## - LIBRARY OF CONGRESS CALL NUMBER | |
| Classification number | RC 582 |
| Item number | .P313 2009 |
| 100 ## - MAIN ENTRY--PERSONAL NAME | |
| Personal name | Peakman, Mark. |
| 245 ## - TITLE STATEMENT | |
| Title | Basic and clinical immunology / |
| Statement of responsibility, etc | Mark Peakman, Diego Vergani ; illustrated by Robert Britton, Ethan Danielson |
| 250 ## - EDITION STATEMENT | |
| Edition statement | 2nd ed. |
| 260 ## - PUBLICATION, DISTRIBUTION, ETC. (IMPRINT) | |
| Place of publication, distribution, etc | Edinburgh : |
| Name of publisher, distributor, etc | Churchill Livinstone, |
| Date of publication, distribution, etc | c2009. |
| 300 ## - PHYSICAL DESCRIPTION | |
| Extent | 365 p. : |
| Other physical details | col. ill. ; |
| Dimensions | 30 cm. |
| 500 ## - GENERAL NOTE | |
| General note | Includes appendices and index. |
| 650 ## - SUBJECT ADDED ENTRY--TOPICAL TERM | |
| Topical term or geographic name as entry element | Immunology. |
| 942 ## - ADDED ENTRY ELEMENTS (KOHA) | |
| Call number prefix | Foreign |
| Koha item type | Books |
| Withdrawn status | Lost status | Damaged status | Home library | Current library | Shelving location | Date acquired | Cost, normal purchase price | Total Checkouts | Full call number | Barcode | Date last seen | Price effective from | Koha item type |
|---|---|---|---|---|---|---|---|---|---|---|---|---|---|
| South SEED-LPDH College Library | South SEED-LPDH College Library | South SEED-LPDH College Section | 05/30/2014 | 4985.00 | RC 582 .P313 2009 | SSLC1339 | 05/15/2018 | 05/30/2014 | Books |